Statistiques concernant Les 5 vainqueurs de la Liga Portugal

Cliquez ici pour prendre le quiz!

Statistiques générales

  • Ce quiz a été pris 826 fois
  • Le résultat moyen est 4 sur 5

Statistiques - réponses

TopNb titre de championClub% Correct
230FC Porto
100%
137SL Benfica
99%
319Sporting CP
97%
41Boavista Porto FC
46%
51CF Os Belenenses
23%

Distribution des résultats

Percentile par nombre de réponses

% des personnes avec chaque résultat

Votre développement - résultats

Vous n’avez pas pris ce quiz